00726cam a22002413a 45000010005000000030006000050050017000110080041000280400015000690420007000840500007000910500007000981000032001052450070001372600029002075060030002365160020002666530045002866530040003316530044003718300028004158560041004434351PGUSA20140828083052.0030801s2003||||xxu|||||s|||||000 | eng d aPGUSAbeng adc 4aKD 4aJN1 aBagehot, Walter,d1826-187714aThe English Constitutionh[electronic resource] /cWalter Bagehot bProject Gutenberg,c2003 aPublic domain in the USA. aElectronic text aGreat Britain -- Politics and government aConstitutional law -- Great Britain aConstitutional history -- Great Britain 0aProject Gutenbergv435140uhttp://www.gutenberg.org/ebooks/4351